| 000 | 00396cam a2200145ua 4500 | ||
|---|---|---|---|
| 041 |
_aeng _h |
||
| 082 |
_a629.132 _bDUN/CA |
||
| 100 | _aDuncan, W J . | ||
| 245 |
_aPrinciples of the control and stability of aircraft / _cW J Duncan. _hTextual Documents |
||
| 260 |
_aCambridge : _bCambridge University Press , _c1959. |
||
| 300 | _a391 ; . | ||
| 504 | _a | ||
| 942 | _cBK | ||
| 999 |
_c10391 _d10391 |
||